Loading...
| Social Science | 0 | 7 | 0 | 0 | 70 | 19 | 81.43 | 3 | 5 | 0.00 | 0.00 |
| Mythology | 0 | 5 | 1 | 0 | 45 | 54 | 84.80 | 3 | 4 | 0.00 | 0.00 |
| Philosophy | 0 | 4 | 0 | 0 | 40 | 78 | 113.75 | 0 | 2 | 0.00 | 0.00 |
| Literature - American | 0 | 4 | 0 | 0 | 40 | 22 | 95.25 | 0 | 3 | 0.00 | 0.00 |
| History - Other | 0 | 4 | 1 | 0 | 35 | 75 | 86.75 | 0 | 1 | 0.00 | 0.00 |
| Literature - World | 0 | 3 | 0 | 1 | 30 | 119 | 133.67 | 0 | 2 | 0.00 | 0.00 |
| Literature - British | 0 | 3 | 0 | 2 | 30 | 27 | 103.00 | 0 | 1 | 0.00 | 0.00 |
| Literature - European | 0 | 3 | 0 | 0 | 30 | 55 | 89.33 | 0 | 3 | 0.00 | 0.00 |
| Science - Other | 0 | 2 | 0 | 1 | 20 | 118 | 121.00 | 0 | 1 | 0.00 | 0.00 |
| Science - Chemistry | 0 | 2 | 0 | 0 | 20 | 94 | 109.00 | 0 | 0 | 0.00 | 0.00 |
| Other Academic | 0 | 1 | 0 | 0 | 10 | 31 | 31.00 | 1 | 1 | 0.00 | 0.00 |
| History - American | 0 | 1 | 0 | 0 | 10 | 98 | 98.00 | 0 | 1 | 0.00 | 0.00 |
| Fine Arts - Other | 0 | 1 | 0 | 0 | 10 | 83 | 83.00 | 0 | 1 | 0.00 | 0.00 |
| Religion | 0 | 1 | 1 | 0 | 5 | 52 | 52.00 | 0 | 1 | 0.00 | 0.00 |
| Fine Arts - Painting and Sculpture | 0 | 1 | 1 | 0 | 5 | 36 | 36.00 | 0 | 1 | 0.00 | 0.00 |